Možnosti zmírnění nepříznivého vlivu globalizace na lokální trhy (lokalizací proti globalizaci)

Nekorektné a jednostranné interpretovanie prínosov v prospech globalizácie a vznikajúcich nadnárodných korporácií, ktoré stále bezohladnejšie presadzujú svoje krátkodobé záujmy (zisk) na úkor záujmov celospoločenských (ekológia, národná identita, kultúra). Možnosti, ktoré ponúkajú viac, či menej pri...

Descrizione completa

Salvato in:
Dettagli Bibliografici
Autore principale: Svobodová, Hana
Natura: Capitolo di libro
Lingua:ceco
Soggetti:
Tags: Aggiungi Tag
Nessun Tag, puoi essere il primo ad aggiungerne!!

MARC

LEADER 00000naa$a2200000$$$4500
001 0038403
005 20221207105149.9
041 0 |a cze 
044 |a SK 
245 1 0 |a Možnosti zmírnění nepříznivého vlivu globalizace na lokální trhy  |b (lokalizací proti globalizaci)  |c Hana Svobodová 
520 |a Nekorektné a jednostranné interpretovanie prínosov v prospech globalizácie a vznikajúcich nadnárodných korporácií, ktoré stále bezohladnejšie presadzujú svoje krátkodobé záujmy (zisk) na úkor záujmov celospoločenských (ekológia, národná identita, kultúra). Možnosti, ktoré ponúkajú viac, či menej priaznivú alternatívu. Jednu z nich ponúka lokalizácia, ako protiklad globalizácie. Podľa nej všetky hospodárske potreby, ktoré si štát, či oblasť môže obstarať na svojom území, si na ňom aj obstará. Globalizáciu v celej jej šírke (technickoekonomickej, sociálnopolitickej, kultúrnej) je potrebné prijímať ako proces, ktorý musí byť riadený. 
610 2 0 |a globalizácia 
610 2 0 |a spoločnosti nadnárodné 
610 2 0 |a riadenie 
610 2 0 |a lokalizácia 
100 1 |a Svobodová, Hana